000 00864nam a22002177a 4500
005 20240321114349.0
010 _aB-746941-945 E.N.A./7.11.22 ENG-139864
020 _a9789390113644
_c650.00
035 _aB-746941-945
035 _aEN-123396
037 _bPragati Publications
082 _a954
100 _aDahiya, Poonam Dalal
_963747
245 _aAncient and Medieval India:
_bfor UPSC and state civil services examinations /
_cby Poonam Dalal Dahiya
250 _a2nd ed
260 _aChennai
_bMc Graw Hill
_c2021
270 _a5/90A, Butt Road, St. Thomas Mount
_bChennai
_e600116
300 _avp.
_c24cm(pbk)
942 _2ddc
_cEN
_mDAH
_h954
999 _c181836
_d181836